000
00216nam a22000857a 4500
008
160817b xxu||||| |||| 00| 0 eng d
100
_9
152
_a
Gammel L
245
_a
The Gujjar
260
_a
New Delhi
_b
Children Book Trust
_c
2011
999
_c
2810
_d
2810